000
00252nam a2200097Ia 4500
005
20251222175820.0
008
251222s9999||||xx |||||||||||||| ||spa||
082
_a
DVD0090/A71/2002
245
0
_a
Momias incas: secretos de un imperio perdido:
942
_c
DVD
999
_c
40446
_d
40446